| 000 | 00522nam a2200193Ia 4500 | ||
|---|---|---|---|
| 008 | 230312s9999 xx 000 0 und d | ||
| 041 | _aeng | ||
| 082 |
_a004.6'5 _b004.6'5/PET/034842 |
||
| 100 |
_aPeterson L.L. _9108584 |
||
| 245 |
_aComputer networks _bA Systems Approach |
||
| 250 | _a4th ed. | ||
| 260 |
_c2009 _bMoragan Kaufmann Pub |
||
| 300 | _a806 | ||
| 365 |
_cRs. _b425.00 |
||
| 700 |
_aDavieB.S. _9171428 |
||
| 710 |
_aPeterson L.L. & Davie B.S. _9171429 |
||
| 906 | _b212.5 | ||
| 999 |
_c131907 _d131907 |
||